Catálogo público

La fertilización de los terrenos con el azoe libre del aire segun el sistema Solari (Record no. 18266)

MARC details
000 -CABECERA
campo de control de longitud fija 00926cam a22003017a 4500
003 - IDENTIFICADOR DEL NÚMERO DE CONTROL
campo de control CHAP
005 - FECHA Y HORA DE LA ÚLTIMA TRANSACCIÓN
campo de control 20220920174521.0
008 - DATOS DE LONGITUD FIJA--INFORMACIÓN GENERAL
campo de control de longitud fija 971013s1904 r 00010 d
010 ## - NÚMERO DE CONTROL DE LA BIBLIOTECA DEL CONGRESO
Número de control de LC 18266
011 ## - ENLACE DEL NUMERO DE CONTROL DE LA BIBLIOTECA DEL CONGRESO [OBSOLETO]
Número de control de LC 19238
035 ## - NÚMERO DE CONTROL DEL SISTEMA
Número de control de sistema 23323
040 ## - FUENTE DE LA CATALOGACIÓN
Centro/agencia transcriptor CHAP
082 ## - NÚMERO DE LA CLASIFICACIÓN DECIMAL DEWEY
Número de clasificación 631.8
Número de documento/Ítem B6
100 00 - ENTRADA PRINCIPAL--NOMBRE DE PERSONA
Nombre de persona Boasso, Pedro Francisco.
9 (RLIN) 13299
245 13 - MENCIÓN DE TÍTULO
Título La fertilización de los terrenos con el azoe libre del aire segun el sistema Solari
260 ## - PUBLICACIÓN, DISTRIBUCIÓN, ETC.
Lugar de publicación, distribución, etc. España :
Nombre del editor, distribuidor, etc. (s.n.),
Fecha de publicación, distribución, etc. 1904
300 ## - DESCRIPCIÓN FÍSICA
Extensión 196 p.
Otras características físicas : ilus.
490 #0 - MENCIÓN DE SERIE
Mención de serie Biblioteca Agraria Solariana
Designación de volumen o secuencia ; 21-22
590 ## - NOTA LOCAL (RLIN)
Nota local BATCH-UPD
Procedencia (VM) [OBSOLETO] 10
Condición del los carretes individuales (VM) [OBSOLETO] 20130110
590 ## - NOTA LOCAL (RLIN)
Nota local BATCH-UPD
Procedencia (VM) [OBSOLETO] 10
Condición del los carretes individuales (VM) [OBSOLETO] 20130110
590 ## - NOTA LOCAL (RLIN)
Nota local CONVERSION
Procedencia (VM) [OBSOLETO] 10
Condición del los carretes individuales (VM) [OBSOLETO] 20130109
650 14 - PUNTO DE ACCESO ADICIONAL DE MATERIA--TÉRMINO DE MATERIA
Término de materia o nombre geográfico como elemento de entrada Fertilizantes nitrogenados.
9 (RLIN) 40596
650 14 - PUNTO DE ACCESO ADICIONAL DE MATERIA--TÉRMINO DE MATERIA
Término de materia o nombre geográfico como elemento de entrada Fertilizantes.
9 (RLIN) 40447
830 0# - PUNTO DE ACCESO ADICIONAL DE SERIE-TÍTULO UNIFORME
Título uniforme Biblioteca Agraria Solariana
Designación de volumen o secuencia ; 21-22
9 (RLIN) 12223
901 ## - ELEMENTOS DE DATOS A LOCAL LDA (RLIN)
a BK
942 ## - ELEMENTOS DE PUNTO DE ACCESO ADICIONAL (KOHA)
Tipo de ítem Koha Libro
Fuente del sistema de clasificación o colocación Dewey Decimal Classification
949 ## - PROCESAMIENTO DE INFORMACIÓN LOCAL (OCLC)
a 631.8 B6
b BC
c LIBRO
d -54346
e BPP
h 71094
i 23323
s i
Holdings
Estado de retiro Estado de pérdida Fuente del sistema de clasificación o colocación Estado dañado Restricciones de uso No para préstamo Código de colección Localización permanente Ubicación/localización actual Ubicación en estantería Fecha de adquisición Total de préstamos Signatura topográfica completa Código de barras Fecha visto por última vez Precio válido a partir de Tipo de ítem Koha
    Dewey Decimal Classification   Préstamo 15 días   General Biblioteca Central Biblioteca Central Planta principal - Colección General 31/12/2019   631.8 B6 -54346 31/12/2019 31/12/2019 Libro